| 000 | 00372 a2200109 4500 | ||
|---|---|---|---|
| 001 | ART_5885 | ||
| 005 | 20260410161618.0 | ||
| 008 | 260409a | ||
| 245 | 1 | 0 | _aProcedimientos de auditoría forense (para detectar el fraude) vs. procedimientos de auditoría tradicional |
| 100 | 1 | _aChalupowicz, Daniel | |
| 773 | 0 |
_tEnfoques _g- Nº 9 (sep. 2007) _wREV416 |
|
| 999 |
_c11267 _d11267 |
||